C lculo II de varias variables / Ron Larson (Registro nro. 19630)
[ vista simple ]
| 000 -LÍDER | |
|---|---|
| fixed length control field | 00448nam a2200157 4500 |
| 008 - ELEMENTOS DE LONGITUD FIJA -- INFORMACIÓN GENERAL | |
| fixed length control field | 0 2006 0ant 000 0MEX |
| 020 ## - NÚMERO INTERNACIONAL NORMALIZADO PARA LIBROS | |
| ISBN | 970-10-5275-7 |
| 050 ## - SIGNATURA TOPOGRAFICA DE LA BIBLIOTECA DEL CONGRESO (LC) | |
| Número de Clasificación | QA303 L3818 2006 V.II |
| 082 ## - NUMERO DE CLASIFICACION DECIMAL DEWEY | |
| Número de Clasificación | 515.15 L134cv |
| 100 ## - ASIENTO PRINCIPAL--NOMBRE PERSONAL | |
| Nombre personal | Larson, Ron |
| 245 ## - TÍTULO | |
| Título | C lculo II de varias variables / Ron Larson |
| 250 ## - MENCIÓN DE EDICIÓN | |
| Mención de edición | 8a |
| 260 ## - PUBLICACIÓN, DISTRIBUCIÓN, ETC. (PIE DE IMPRENTA) | |
| Lugar de publicación, distribución, etc. | México : McGraw Hill |
| 300 ## - DESCRIPCIÓN FÍSICA | |
| Extensión | xiv, 1138 p. / 27 cm. |
| 650 ## - ASIENTO SECUNDARIO DE MATERIA - TERMINO TEMÁTICO | |
| Término temático o nombre geográfico como elemento de entrada | 1.CALCULO \ 2.CALCULO MULTIVARIABLE |
| No. biblioteca | No. biblioteca | Número de clasificación | Código de barras/Número de adquisición | Número de copia | Tipo de material |
|---|---|---|---|---|---|
| LUIS G. INCLAN | LUIS G. INCLAN | 515.15 L134cv | 47530 | 2001 | Libros |
| LUIS G. INCLAN | LUIS G. INCLAN | 515.15 L134cv | 47531 | 2002 | Libros |
| LUIS G. INCLAN | LUIS G. INCLAN | 515.15 L134cv | 47532 | 2003 | Libros |
| LUIS G. INCLAN | LUIS G. INCLAN | 515.15 L134cv | 48386 | 2016 | Libros |
| LUIS G. INCLAN | LUIS G. INCLAN | 515.15 L134cv | 48387 | 2017 | Libros |
| LUIS G. INCLAN | LUIS G. INCLAN | 515.15 L134cv | 48388 | 2018 | Libros |
| LUIS G. INCLAN | LUIS G. INCLAN | 515.15 L134cv | 48389 | 2019 | Libros |
| LUIS G. INCLAN | LUIS G. INCLAN | 515.15 L134cv | 48381 | 2011 | Libros |
| LUIS G. INCLAN | LUIS G. INCLAN | 515.15 L134cv | 48382 | 2012 | Libros |
| LUIS G. INCLAN | LUIS G. INCLAN | 515.15 L134cv | 48383 | 2013 | Libros |
| LUIS G. INCLAN | LUIS G. INCLAN | 515.15 L134cv | 48384 | 2014 | Libros |
| LUIS G. INCLAN | LUIS G. INCLAN | 515.15 L134cv | 48385 | 2015 | Libros |
| LUIS G. INCLAN | LUIS G. INCLAN | 515.15 L134cv | 48161 | 2004 | Libros |
| LUIS G. INCLAN | LUIS G. INCLAN | 515.15 L134cv | 48162 | 2005 | Libros |
| LUIS G. INCLAN | LUIS G. INCLAN | 515.15 L134cv | 48163 | 2006 | Libros |
| LUIS G. INCLAN | LUIS G. INCLAN | 515.15 L134cv | 48164 | 2007 | Libros |
| LUIS G. INCLAN | LUIS G. INCLAN | 515.15 L134cv | 48165 | 2008 | Libros |
| LUIS G. INCLAN | LUIS G. INCLAN | 515.15 L134cv | 48166 | 2009 | Libros |
| LUIS G. INCLAN | LUIS G. INCLAN | 515.15 L134cv | 48167 | 2010 | Libros |
| LUIS G. INCLAN | LUIS G. INCLAN | 515.15 L134cv | 48514 | 2020 | Libros |
| LUIS G. INCLAN | LUIS G. INCLAN | 515.15 L134cv | 48561 | 2021 | Libros |
| LUIS G. INCLAN | LUIS G. INCLAN | 515.15 L134cv | 48562 | 2022 | Libros |
| LUIS G. INCLAN | LUIS G. INCLAN | 515.15 L134cv | 48563 | 2023 | Libros |
| LUIS G. INCLAN | LUIS G. INCLAN | 515.15 L134cv | 48564 | 2024 | Libros |
| LUIS G. INCLAN | LUIS G. INCLAN | 515.15 L134cv | 48918 | 2025 | Libros |
| LUIS G. INCLAN | LUIS G. INCLAN | 515.15 L134cv | 48919 | 2026 | Libros |
| LUIS G. INCLAN | LUIS G. INCLAN | 515.15 L134cv | 48920 | 2027 | Libros |
| LUIS G. INCLAN | LUIS G. INCLAN | 515.15 L134cv | 48921 | 2028 | Libros |
| LUIS G. INCLAN | LUIS G. INCLAN | 515.15 L134cv | 48922 | 2029 | Libros |
| LUIS G. INCLAN | LUIS G. INCLAN | 515.15 L134cv | 48923 | 2030 | Libros |
| LUIS G. INCLAN | LUIS G. INCLAN | 515.15 L134cv | 49141 | 2031 | Libros |
